Análisis comparativo de los planes y programas de estudios de la enseñanza general básica de 1967 y 1980
Gespeichert in:
| 1. Verfasser: | |
|---|---|
| Format: | Buch |
| Sprache: | Spanisch |
| Veröffentlicht: |
Santiago
P.I.I.E
1982
|
| Schriftenreihe: | Las Transformaciones en la Educación Chilena bajo el Régimen Militar
|
| Schlagworte: | |
| Tags: |
Tag hinzufügen
Keine Tags, Fügen Sie den ersten Tag hinzu!
|
MARC
| LEADER | 00000nam a2200000 a 4500 | ||
|---|---|---|---|
| 001 | UCU1011 | ||
| 003 | CL-VaPUC | ||
| 008 | 960329e19820000CL |||||||||||||||||spa|d | ||
| 082 | 0 | 4 | |a 372.19 |b MAG |2 21 |
| 100 | |a Magendzo K., Abraham |e autor |9 616737 | ||
| 245 | 1 | 0 | |a Análisis comparativo de los planes y programas de estudios de la enseñanza general básica de 1967 y 1980 |
| 300 | |a 37 p | ||
| 942 | |c BK | ||
| 945 | |d 19960329 00:00:00 |a lriquelm | ||
| 260 | |a Santiago |b P.I.I.E |c 1982 | ||
| 500 | |a Proyecto la Construcción de la Política Educacional del Régimen Militar Chileno: 1973-1981 | ||
| 650 | 0 | |a Educación básica |9 224933 | |
| 650 | 0 | |a Currículo |9 307290 | |
| 650 | 0 | |a Planificación de la educación |9 307333 | |
| 650 | 7 | |a PLANES EDUCACIONALES |2 CL-VaPUC |9 340232 | |
| 650 | 0 | |a Programas de educación |9 339040 | |
| 650 | 0 | |a Historia |9 255047 | |
| 651 | 7 | |a CHILE |2 CL-VaPUC |9 356589 | |
| 583 | |a last modification |c 19960329 00:00:00 |k Rodrigo Vera | ||
| 490 | 0 | |a Las Transformaciones en la Educación Chilena bajo el Régimen Militar | |
| 999 | |c 245783 |d 245781 | ||
| 952 | |0 0 |1 0 |4 0 |6 372_190000000000000_MAG_1982 |7 0 |8 P |9 260381 |a BIBEDU |b BIBEDU |c BIBEDU_PB |d 2019-11-19 |i 1639080 |o 372.19 MAG 1982 |p 1639080 |r 2024-01-25 |w 2019-11-19 |y BK |k EDU | ||
| 952 | |0 0 |1 0 |4 0 |6 372_190000000000000_MAG_1982 |7 0 |8 A |9 260382 |a BIBENE |b BIBENE |d 2019-11-19 |i 1401343 |o 372.19 MAG 1982 |p 1401343 |r 2025-01-15 |w 2019-11-19 |y BK |k ICO | ||